Biblioteca

Apuntes para una valoración crítica del organicismo cosmológico de Whitehead (Registro nro. 70164)

Detalles MARC
000 -LÍDER
Campo fijo de descripción fija 01268nab a2200217 i 4500
001 - NÚMERO DE CONTROL
Campo de control 768714001
003 - IDENTIFICADOR DEL NÚMERO DE CONTROL
Campo de control CO-MdFUSB
005 - FECHA Y HORA DE LA ULTIMA TRANSACCIÓN
control field 20240612130716.0
008 - ELEMENTOS DE LONGITUD FIJA -- INFORMACIÓN GENERAL
Campo fijo de descripción fija -- Información general 240612t1961 sp ||||| |||| 00| 0 spa d
040 ## - FUENTE DE CATALOGACIÓN
Idioma de catalogación spa
Agencia que realiza la transcripción CO-MdFUSB
Agencia que realiza la modificación CO-MdFUSB
041 ## - CÓDIGO DE IDIOMA
Código de idioma para texto/pista de sonido o título separado spa
100 ## - ASIENTO PRINCIPAL--NOMBRE PERSONAL
Nombre personal Susinos Ruiz, Francisco,
Término relacionador autor
245 ## - TÍTULO
Título Apuntes para una valoración crítica del organicismo cosmológico de Whitehead
Mención de responsabilidad / Francisco Susinos Ruiz
520 ## - NOTA DE RESUMEN, ETC.
Nota de sumario, etc. El propósito es acercar a meditación los puntos fundamentales del logro whiteheadiano, referentes a Ia intelección cosmológica del mundo y a Ia interpretación del misterio del ser. Whitehead los ha hecho acogerse a Ia genérica denominación «Filosofía del Organismo», denominación suficientemente sugestiva y explícita por sí misma. Se comprenderá las peculiares categorías de pensamiento que implica, para centrarlas finalmente en una visión crítica.
650 #7 - ASIENTO SECUNDARIO DE MATERIA - TERMINO TEMÁTICO
Término temático o nombre geográfico como elemento de entrada Filosofía
9 (RLIN) 7168
650 #7 - ASIENTO SECUNDARIO DE MATERIA - TERMINO TEMÁTICO
Término temático o nombre geográfico como elemento de entrada Ciencias sociales
Subdivisión general Filosofía
9 (RLIN) 7081
650 #7 - ASIENTO SECUNDARIO DE MATERIA - TERMINO TEMÁTICO
Término temático o nombre geográfico como elemento de entrada Escolasticismo
9 (RLIN) 194
773 0# - ASIENTO DE ITEM FUENTE
Biblionumber 70126
Itemnumber 82754
Lugar, editorial y fecha de publicación Salamanca, España :
Otro identificador del ítem R2629
Título Salmanticensis
Número de control del registro (CO-MdFUSB)768714001
Parte(s) relacionada(s) / Volumen., número. (mes año), páginas Volumen 8, (fascículo 2, 1961) páginas: 337 - 393
Enumeración y primera página página: 337
942 ## - TIPO DE MATERIAL (KOHA)
Tipo de Item KOHA Artículos de Revista
945 ## - INFORMACIÓN LOCAL DEL REGISTRO
Catalogador Catherine Arias Álvarez - Practicante SENA

No hay ítems disponibles.

Biblioteca FUSBC | Teléfono: (57+4) 349 88 10 Ext. 141| WhatsApp (+57) 3005338115 
E-mail: biblioteca@unisbc.edu.co | Calle 76 87-14 Robledo Palenque, Medellín, Colombia

Con tecnología Koha